تحميل...
மதுரைச் சிறுகதைகள்
| المؤلفون الرئيسيون: | , |
|---|---|
| التنسيق: | Printed Book |
| منشور في: |
Thanjavur
Annam
2015
|
| الموضوعات: |
| LEADER | 00520nam a22001457a 4500 | ||
|---|---|---|---|
| 082 | |a 894.811301 |b BOO/M | ||
| 100 | |a Boomi Selvam | ||
| 100 | |a பூமிச்செல்வம் | ||
| 240 | |a Madurai Sirukathaikal | ||
| 245 | |a மதுரைச் சிறுகதைகள் | ||
| 260 | |a Thanjavur |b Annam |c 2015 | ||
| 650 | |a Tamil Short Story | ||
| 942 | |c BK | ||
| 999 | |c 315277 |d 315277 | ||
| 952 | |0 0 |1 0 |4 0 |6 894_811301000000000_BOO_M |7 0 |9 337206 |a TAM |b TAM |d 2020-11-30 |l 0 |o 894.811301 BOO/M |p TAM29387 |r 2020-11-30 |w 2020-11-30 |y BK | ||